00617nam a2200169 a 4500008004100000020001500041050001500056100001700071245003800088260003000126300002500156350000900181650001400190995009500204999001700299952013100316060316s1975 ||||||||||||||||| || u a0333176413 aTA 403 Joh aJohn, Vernon10aMaterials for technology students aLondon :bMacmillanc1975 axiii, 232 p. : ill.  a0.00 0aMATERIALS D0.00FCBU-MAIN LIBRARY (Kitwe)H1I5.10M1UAVAILABLEZMain Library Open Access Collection c50605d50605 00102lcc4070a001b001cMain Library Open Access Collectiond2022-11-30l0oTA 403 Johp014159r2022-11-30w2022-11-30y002